| 000 | 00745nam a2200205Ia 4500 | ||
|---|---|---|---|
| 003 | GCL | ||
| 008 | 140319s9999 xx 000 0 ara d | ||
| 040 |
_aGCL / _cGCL |
||
| 082 | 0 | 4 |
_a928.1 _bا ح |
| 100 | 1 | _aابن الابار : ابوعبدالله محمد بن عبدالله بن ابى بكر | |
| 245 | 1 | 0 |
_aكتاب الحلة السيراء / _cابن الابار : ابوعبدالله محمد بن عبدالله بن ابى بكر |
| 700 | 1 | _aحسين مؤنس | |
| 260 |
_aالقاهرة : _bدار المعارف ، _c1985 |
||
| 300 |
_a313 ص ؛ _c24 سم |
||
| 490 |
_aذخائر العرب _v58 |
||
| 650 | 0 | 4 | _aالتراجم الادبية |
| 650 | 0 | 4 | _aالادباء |
| 650 | 0 | 4 | _aالشعراء |
| 942 |
_2ddc _cBK |
||
| 999 |
_c28791 _d28791 |
||